| 000 | 01635nam a22005897a 4500 | ||
|---|---|---|---|
| 001 | BR8304684 | ||
| 003 | BR-BrBNA | ||
| 005 | 20230928091734.0 | ||
| 007 | ta | ||
| 008 | 230509b bl.||||| |||| 00| 0 por d | ||
| 040 |
_aBR-BrBNA _bpor _cBiblioteca Nacional de Agricultura |
||
| 041 | _a(Por) | ||
| 072 |
_aE15; F00 _b/G514 |
||
| 090 | _ E15 BR8304684 | ||
| 100 | 1 | _aPassos, R.S. | |
| 110 | 1 |
_aFundacao Estadual de Planejamento Agricola do Rio Grande do Norte, Natal (Brasil) _94891 |
|
| 245 | 1 | _aSeries historicas comparadas de producao agricola - Brasil, Nordeste, Rio Grande do Norte - 1947 - 1982, n. 1; rendimento medio, area colhida, quantidade produzida, preco e valor nominais da producao, preco e valor deflacionados da producao | |
| 260 | 3 |
_aNatal, RN (Brasil): _c1983. |
|
| 300 | _a183 p. | ||
| 500 | _aNumerical data; 16 ref. | ||
| 650 | _aESTATISTICA AGRICOLA | ||
| 650 | _aALGODAO ARBOREO | ||
| 650 | _aALGODAO | ||
| 650 | _aALGODAO HERBACEO | ||
| 650 | _aALHO | ||
| 650 | _aARROZ | ||
| 650 | _aBANANA | ||
| 650 | _aBATATA DOCE | ||
| 650 | _aCAFE | ||
| 650 | _aCAJU | ||
| 650 | _aCANA DE ACUCAR | ||
| 650 | _aCEBOLA | ||
| 650 | _aCOCO DA BAHIA | ||
| 650 | _aFAVA | ||
| 650 | _aFEIJAO | ||
| 650 | _aLARANJA | ||
| 650 | _aLIMAO | ||
| 650 | _aMAMAO | ||
| 650 | _aMAMONA | ||
| 650 | _aMANDIOCA | ||
| 650 | _aMANGA | ||
| 650 | _aMELANCIA | ||
| 650 | _aMELAO | ||
| 650 | _aMILHO | ||
| 650 | _aSISAL | ||
| 650 | _aSORGO | ||
| 650 | _aTOMATE | ||
| 650 | _aRIO GRANDE DO NORTE | ||
| 650 | _aREGIAO NORDESTE | ||
| 909 |
_a202309 _bLucia _c55 _dLucia Elande |
||
| 942 | _cBK | ||
| 999 |
_c35266 _d35266 |
||